000 00706nam a2200229 u 4500
005 20241011063757.0
008 180525s2007 mx r 000 0 spa d
020 _a9789706418012
035 _aUPN01000224967
049 _aCG
050 4 _aBF698
_bD6.3
100 1 _aDomínguez Prieto, Xosé Manuel,
_d1962-
_941938
245 1 3 _aEl hombre convocado :
_bla vocación de ser persona /
_cXosé Manuel Domínguez.
260 _aMéxico :
_bProgreso,
_c2007.
300 _a167 p.
440 0 _aEducar con valores y virtudes
650 0 _aDesarrollo de la personalidad
_96217
650 4 _aPERSONALIDAD -
_xFILOSOFIA
_922217
650 4 _aProyecto de vida
_97923
905 _aLibro
999 _c197063
_d197063